<?xml version="1.0" encoding="UTF-8"?>
<collection xmlns="http://www.loc.gov/MARC21/slim">
 <record>
  <leader>02196pam a22002778a 4500</leader>
  <controlfield tag="001">00022255</controlfield>
  <controlfield tag="005">20171026081025.0</controlfield>
  <controlfield tag="008">110528s2007                  ||||||Viesd</controlfield>
  <datafield tag="041" ind1="0" ind2="#">
   <subfield code="a">Vie</subfield>
  </datafield>
  <datafield tag="082" ind1="1" ind2="4">
   <subfield code="a">636.500 71</subfield>
   <subfield code="b">GI108TR</subfield>
  </datafield>
  <datafield tag="100" ind1="0" ind2="#">
   <subfield code="a">Văn Lệ Hằng</subfield>
   <subfield code="e">Chủ biên</subfield>
  </datafield>
  <datafield tag="245" ind1="0" ind2="0">
   <subfield code="a">Giáo trình kĩ thuật chăn nuôi gia cầm</subfield>
   <subfield code="b">Sách dành cho cao đẵng sư phạm</subfield>
   <subfield code="c">Văn Lệ Hằng, Phùng Đức Tiến</subfield>
  </datafield>
  <datafield tag="260" ind1="#" ind2="#">
   <subfield code="a">H.</subfield>
   <subfield code="b">Đại học sư phạm</subfield>
   <subfield code="c">2007</subfield>
  </datafield>
  <datafield tag="300" ind1="#" ind2="#">
   <subfield code="a">131 tr.</subfield>
   <subfield code="c">24 cm.</subfield>
  </datafield>
  <datafield tag="500" ind1="#" ind2="#">
   <subfield code="a">Sách nhà nước đặt hàng</subfield>
  </datafield>
  <datafield tag="650" ind1="#" ind2="4">
   <subfield code="a">Gia cầm</subfield>
  </datafield>
  <datafield tag="650" ind1="#" ind2="4">
   <subfield code="a">Kĩ thuật</subfield>
  </datafield>
  <datafield tag="653" ind1="#" ind2="#">
   <subfield code="a">Chăn nuôi</subfield>
  </datafield>
  <datafield tag="653" ind1="#" ind2="#">
   <subfield code="a">Giáo trình</subfield>
  </datafield>
  <datafield tag="700" ind1="0" ind2="#">
   <subfield code="a">Phùng Đức Tiến</subfield>
   <subfield code="e">tác giả</subfield>
  </datafield>
  <datafield tag="852" ind1="#" ind2="#">
   <subfield code="b">Kho giáo trình</subfield>
   <subfield code="j">KGT.0011473, KGT.0011474, KGT.0011475, KGT.0011476, KGT.0011477, KGT.0011478, KGT.0011479, KGT.0011480, KGT.0011481, KGT.0011482, KGT.0011483, KGT.0011484, KGT.0011485, KGT.0011486, KGT.0011487, KGT.0011488, KGT.0011489, KGT.0011490, KGT.0011491, KGT.0011492, KGT.0011493, KGT.0011494, KGT.0011495, KGT.0011496, KGT.0011497, KGT.0011498, KGT.0011499, KGT.0011500, KGT.0011501, KGT.0011502, KGT.0011503, KGT.0011504, KGT.0011505, KGT.0011506, KGT.0011507, KGT.0011508, KGT.0011509, KGT.0011510, KGT.0011511, KGT.0011512, KGT.0011513, KGT.0011514, KGT.0011515, KGT.0011516, KGT.0011517, KGT.0011518</subfield>
  </datafield>
  <datafield tag="852" ind1="#" ind2="#">
   <subfield code="b">Kho mượn</subfield>
   <subfield code="j">KGT.0011473</subfield>
  </datafield>
  <datafield tag="852" ind1="#" ind2="#">
   <subfield code="b">Kho đọc</subfield>
   <subfield code="j">KD.0007967</subfield>
  </datafield>
  <datafield tag="852" ind1="#" ind2="#">
   <subfield code="j">KD.0007967</subfield>
   <subfield code="j">KGT.0011478</subfield>
   <subfield code="j">KGT.0011479</subfield>
   <subfield code="j">KGT.0011480</subfield>
   <subfield code="j">KGT.0011482</subfield>
   <subfield code="j">KGT.0011483</subfield>
   <subfield code="j">KGT.0011485</subfield>
   <subfield code="j">KGT.0011486</subfield>
   <subfield code="j">KGT.0011488</subfield>
   <subfield code="j">KGT.0011489</subfield>
   <subfield code="j">KGT.0011491</subfield>
   <subfield code="j">KGT.0011492</subfield>
   <subfield code="j">KGT.0011494</subfield>
   <subfield code="j">KGT.0011495</subfield>
   <subfield code="j">KGT.0011497</subfield>
   <subfield code="j">KGT.0011499</subfield>
   <subfield code="j">KGT.0011500</subfield>
   <subfield code="j">KGT.0011502</subfield>
   <subfield code="j">KGT.0011503</subfield>
   <subfield code="j">KGT.0011505</subfield>
   <subfield code="j">KGT.0011506</subfield>
   <subfield code="j">KGT.0011508</subfield>
   <subfield code="j">KGT.0011509</subfield>
   <subfield code="j">KGT.0011511</subfield>
   <subfield code="j">KGT.0011512</subfield>
   <subfield code="j">KGT.0011514</subfield>
   <subfield code="j">KGT.0011515</subfield>
   <subfield code="j">KGT.0011474</subfield>
   <subfield code="j">KGT.0011475</subfield>
   <subfield code="j">KGT.0011517</subfield>
   <subfield code="j">KGT.0011518</subfield>
   <subfield code="j">KGT.0011477</subfield>
   <subfield code="j">KGT.0011481</subfield>
   <subfield code="j">KGT.0011484</subfield>
   <subfield code="j">KGT.0011487</subfield>
   <subfield code="j">KGT.0011490</subfield>
   <subfield code="j">KGT.0011493</subfield>
   <subfield code="j">KGT.0011496</subfield>
   <subfield code="j">KGT.0011498</subfield>
   <subfield code="j">KGT.0011501</subfield>
   <subfield code="j">KGT.0011504</subfield>
   <subfield code="j">KGT.0011507</subfield>
   <subfield code="j">KGT.0011510</subfield>
   <subfield code="j">KGT.0011513</subfield>
   <subfield code="j">KGT.0011516</subfield>
   <subfield code="j">KGT.0011473</subfield>
   <subfield code="j">KGT.0011476</subfield>
  </datafield>
  <datafield tag="910" ind1="0" ind2="#">
   <subfield code="a">nhnm</subfield>
   <subfield code="d">28/05/2011</subfield>
  </datafield>
  <datafield tag="980" ind1="#" ind2="#">
   <subfield code="a">Trung tâm Học liệu Lê Vũ Hùng, Trường Đại học Đồng Tháp</subfield>
  </datafield>
 </record>
</collection>
